00884nam a2200241 a 450000100060000000300080000600500170001400800410003102000150007203500190008704000320010604100080013808200220014610000290016824501290019726000480032630000330037450400500040765000300045794200120048799900170049995201260051657688BD-RjUL20211209080537.0161211s1978 nyua b 001 0 eng d a0195023943 a(BD-RjUL)57812 aDLCcDLCdEQOdBD-RjULbeng aeng a302223bPES 19781 aPenner, Louis A.917131910aSocial psychology :ba contemporary approach /cLouis A. Penner ; in collaboration with Stephen L. Cohen and Beth C. Stearns aNew York :bOxford University Press,c1978. axi, 388 p. :bill. ;c24 cm. aIncludes index and bibliographical references 0aSocial psychology9170365 2ddccBK c57688d57688 00102ddc40718NFICaRUCLbRUCLcReadingd1990-11-24eCanadal0o302 PES 1978r2016-12-11 00:00:00tC-1w2016-12-11yBK